00962nam a2200337Ia 4500008004000000020001800040041000800058082001700066100001600083245009200099250000500191260004900196300001300245650000900258650001600267650000700283650001300290650001200303650000700315650001000322650001200332650001600344650000700360650001700367650000800384650000600392690002600398906001100424999001900435952017000454210210b2011 xxu||||| |||| 00| 0 eng d a9781107645509 aeng a515.723 JAMS aJAMES (J F) aStudents guide to fourier transforms: with applications in physics and engineering Ed 3 a aCambridgebCambridge University Pressc2011 axiii,146 awith atransforms: ato aStudents aphysics ain aguide afourier aengineering aEd aapplications aand a3 aMathematical Analysis a069025 c153143d153143 001040708MathematicsaALbALcMathematicsd2021-02-17eBiblios, Bunts Hostel Road, Mangaloreg345.00l0o515.723 JAMSp069025r2021-02-17 00:00:00w2021-02-17yBK